<?xml version="1.0" encoding="UTF-8"?>
<collection xmlns="http://www.loc.gov/MARC21/slim">
 <record>
  <leader>06175nam a2200445 a 4500</leader>
  <controlfield tag="001">kal5478</controlfield>
  <controlfield tag="003">Gr-AtHEAL</controlfield>
  <controlfield tag="005">20160425155011.0</controlfield>
  <controlfield tag="006">m        d        </controlfield>
  <controlfield tag="008">160413s2015    gr      s           gre|c</controlfield>
  <datafield tag="020" ind1=" " ind2=" ">
   <subfield code="a">9789606032226</subfield>
  </datafield>
  <datafield tag="040" ind1=" " ind2=" ">
   <subfield code="a">GR-AtHEAL</subfield>
   <subfield code="b">gre</subfield>
   <subfield code="c">GR-AtHEAL</subfield>
  </datafield>
  <datafield tag="082" ind1="0" ind2="4">
   <subfield code="a">363.73</subfield>
   <subfield code="2">23</subfield>
  </datafield>
  <datafield tag="100" ind1="1" ind2=" ">
   <subfield code="a">Κοτρίκλα, Άννα-Μαρία.</subfield>
   <subfield code="8">998</subfield>
  </datafield>
  <datafield tag="245" ind1="1" ind2="0">
   <subfield code="a">Ναυτιλία και περιβάλλον</subfield>
   <subfield code="h">[Ηλεκτρονικός πόρος] </subfield>
   <subfield code="b">Μελέτη των αλληλεπιδράσεων της ναυτιλίας με το θαλάσσιο και ατμοσφαιρικό περιβάλλον</subfield>
   <subfield code="c">Κοτρίκλα, Άννα-Μαρία ; Κριτικός αναγνώστης,Τσελέντης, Βασίλειος Στέλλιος ; Τεχνική επιμέλεια,Σταυρούλακης, Πέτρος ; Γλωσσική επιμέλεια,Πάντος, Παναγιώτης.</subfield>
  </datafield>
  <datafield tag="260" ind1=" " ind2=" ">
   <subfield code="a">Αθήνα :</subfield>
   <subfield code="b">Σύνδεσμος Ελληνικών Ακαδημαϊκών Βιβλιοθηκών,</subfield>
   <subfield code="c">c2015.</subfield>
  </datafield>
  <datafield tag="490" ind1=" " ind2=" ">
   <subfield code="a">Ακαδημαϊκά Ηλεκτρονικά Συγγράμματα και Βοηθήματα Κάλλιπος</subfield>
   <subfield code="8">40</subfield>
  </datafield>
  <datafield tag="505" ind1="0" ind2=" ">
   <subfield code="a">1. Περιβαλλοντική πολιτική 2. Ρύπανση από υδρογονάνθρακες πετρελαίου 3. Παραρτήματα ι-v της διεθνούς σύμβαση για την πρόληψη της θαλάσσιας ρύπανσης απο τα πλοία (marpol 73/78) 4. Ρύπανση από υφαλοχρώματα 5. Διαχείριση θαλασσιού έρματος 6. Ατμοσφαιρική ρύπανση από τη ναυτιλία 7. Περιβαλλοντική διαχείριση λιμένων 8. Η διάλυση των πλοίων</subfield>
  </datafield>
  <datafield tag="520" ind1=" " ind2=" ">
   <subfield code="a">Αντικείμενο του βιβλίου είναι η μελέτη των επιπτώσεων των ναυτιλιακών δραστηριοτήτων στο περιβάλλον. Δίδεται έμφαση σε θέματα πολιτικής και διαχείρισης για την προστασία του περιβάλλοντος από τις ναυτιλιακές δραστηριότητες. Η διαπραγμάτευση των ανωτέρω θεμάτων αναπτύσσεται σε οκτώ κεφάλαια. Γενικά, τα κεφάλαια περιέχουν στοιχεία (πηγές, τύχη, επιπτώσεις) για τους ρύπους που εισέρχονται στο περιβάλλον από τη ναυτιλία. Αναπτύσσεται το πλαίσιο πολιτικής και διαχείρισης για την προστασία του περιβάλλοντος με έμφαση στο έργο του ΙΜΟ και στις πολιτικές της Ευρωπαϊκής Ένωσης. Γίνεται αναφορά σε ώριμες ή νέες τεχνολογίες και λειτουργικά μέτρα για τη μείωση της ρύπανσης. Σε κάθε κεφάλαιο περιέχονται ερωτήσεις κατανόησης ώστε να ελέγχεται από το φοιτητή η κατανόηση του θέματος. Επίσης κάθε κεφάλαιο περιέχει έναν αριθμό πηγών μέσω των οποίων ο φοιτητής μπορεί να εμβαθύνει στο αντικείμενο.Στόχος του βιβλίου είναι να αποκτήσει ο φοιτητής μια ολοκληρωμένη γνώση των επιπτώσεων της ναυτιλίας στο περιβάλλον και των υφιστάμενων τεχνολογιών και κανονισμών για την προστασία του περιβάλλοντος, που θα είναι σε θέση να ανακαλέσει και να χρησιμοποιήσει στην επαγγελματική και ακαδημαϊκή του πορεία.</subfield>
  </datafield>
  <datafield tag="650" ind1=" " ind2="0">
   <subfield code="a">Shipping</subfield>
   <subfield code="x">Environmental aspects</subfield>
   <subfield code="8">2443</subfield>
  </datafield>
  <datafield tag="653" ind1=" " ind2=" ">
   <subfield code="a">Διάλυση πλοίων</subfield>
  </datafield>
  <datafield tag="653" ind1=" " ind2=" ">
   <subfield code="a">Υφαλοχρώματα</subfield>
  </datafield>
  <datafield tag="653" ind1=" " ind2=" ">
   <subfield code="a">Πετρελαιοκηλίδες</subfield>
  </datafield>
  <datafield tag="653" ind1=" " ind2=" ">
   <subfield code="a">Θαλάσσιο έρμα</subfield>
  </datafield>
  <datafield tag="653" ind1=" " ind2=" ">
   <subfield code="a">Περιβαλλοντική διαχείριση</subfield>
  </datafield>
  <datafield tag="653" ind1=" " ind2=" ">
   <subfield code="a">Ναυτιλία</subfield>
  </datafield>
  <datafield tag="653" ind1=" " ind2=" ">
   <subfield code="a">Περιβαλλοντική πολιτική</subfield>
  </datafield>
  <datafield tag="653" ind1=" " ind2=" ">
   <subfield code="a">Κοινωνιολογία</subfield>
   <subfield code="a">Κοινωνική ανάπτυξη</subfield>
   <subfield code="a">Άνθρωπος/Εργασία/Περιβάλλον</subfield>
  </datafield>
  <datafield tag="653" ind1=" " ind2=" ">
   <subfield code="a">Τεχνολογία και επιστήμες μηχανικών</subfield>
   <subfield code="a">Μεταφορές και τεχνολογία μεταφορικών μέσων</subfield>
   <subfield code="a">Ναυτικές μεταφορές και έλεγχος ναυσιπλοΐας</subfield>
  </datafield>
  <datafield tag="653" ind1=" " ind2=" ">
   <subfield code="a">Τεχνολογία και επιστήμες μηχανικών</subfield>
   <subfield code="a">Τεχνολογία και μηχανική περιβάλλοντος</subfield>
   <subfield code="a">Ατμοσφαιρική ρύπανση</subfield>
  </datafield>
  <datafield tag="653" ind1=" " ind2=" ">
   <subfield code="a">Τεχνολογία και επιστήμες μηχανικών</subfield>
   <subfield code="a">Τεχνολογία και μηχανική περιβάλλοντος</subfield>
   <subfield code="a">Τεχνολογία προστασίας περιβάλλοντος</subfield>
  </datafield>
  <datafield tag="653" ind1=" " ind2=" ">
   <subfield code="a">Χημεία/Γενική χημεία</subfield>
   <subfield code="a">Χημεία περιβάλλοντος</subfield>
   <subfield code="a">Θαλάσσια ρύπανση/Ρύπανση θαλασσών</subfield>
  </datafield>
  <datafield tag="653" ind1=" " ind2=" ">
   <subfield code="a">Χημεία/Γενική χημεία</subfield>
   <subfield code="a">Χημεία περιβάλλοντος</subfield>
   <subfield code="a">Φαινόμενο θερμοκηπίου</subfield>
  </datafield>
  <datafield tag="653" ind1=" " ind2=" ">
   <subfield code="a">Πολιτκές επιστήμες</subfield>
   <subfield code="a">Τομείς (της) πολιτικής</subfield>
   <subfield code="a">Περιβαλλοντική πολιτική</subfield>
  </datafield>
  <datafield tag="700" ind1="1" ind2=" ">
   <subfield code="a">Τσελέντης, Βασίλειος Στέλλιος</subfield>
   <subfield code="e">Κριτικός αναγνώστης</subfield>
   <subfield code="8">1003</subfield>
  </datafield>
  <datafield tag="856" ind1="4" ind2="0">
   <subfield code="u">http://hdl.handle.net/11419/5478</subfield>
   <subfield code="z">Πλήρες Κείμενο - Full text</subfield>
  </datafield>
  <datafield tag="907" ind1=" " ind2=" ">
   <subfield code="a">.b25681199</subfield>
   <subfield code="b">12-06-18</subfield>
   <subfield code="c">29-07-16</subfield>
  </datafield>
  <datafield tag="949" ind1=" " ind2=" ">
   <subfield code="0">0</subfield>
   <subfield code="1">0</subfield>
   <subfield code="2">ddc</subfield>
   <subfield code="4">0</subfield>
   <subfield code="6">363_730000000000000_ΚΟΤ</subfield>
   <subfield code="7">0</subfield>
   <subfield code="8">KALL</subfield>
   <subfield code="8">878</subfield>
   <subfield code="d">2016-04-13</subfield>
   <subfield code="r">2016-04-13</subfield>
   <subfield code="w">2016-04-13</subfield>
   <subfield code="z">363.73 ΚΟΤ</subfield>
   <subfield code="o">SEAB KALLIPOS</subfield>
  </datafield>
  <datafield tag="998" ind1=" " ind2=" ">
   <subfield code="a">80</subfield>
   <subfield code="a">01</subfield>
   <subfield code="a">02</subfield>
   <subfield code="a">03</subfield>
   <subfield code="a">04</subfield>
   <subfield code="a">05</subfield>
   <subfield code="a">06</subfield>
   <subfield code="a">07</subfield>
   <subfield code="a">08</subfield>
   <subfield code="a">09</subfield>
   <subfield code="a">10</subfield>
   <subfield code="a">11</subfield>
   <subfield code="a">12</subfield>
   <subfield code="a">13</subfield>
   <subfield code="a">14</subfield>
   <subfield code="a">15</subfield>
   <subfield code="a">16</subfield>
   <subfield code="a">17</subfield>
   <subfield code="a">18</subfield>
   <subfield code="a">19</subfield>
   <subfield code="a">20</subfield>
   <subfield code="a">21</subfield>
   <subfield code="a">22</subfield>
   <subfield code="a">23</subfield>
   <subfield code="a">24</subfield>
   <subfield code="a">25</subfield>
   <subfield code="a">26</subfield>
   <subfield code="b">25-05-17</subfield>
   <subfield code="c">m</subfield>
   <subfield code="d">z  </subfield>
   <subfield code="e">-</subfield>
   <subfield code="f">gre</subfield>
   <subfield code="g">gr </subfield>
   <subfield code="h">0</subfield>
  </datafield>
  <datafield tag="942" ind1=" " ind2=" ">
   <subfield code="2">ddc</subfield>
   <subfield code="c">KALLIPOS</subfield>
  </datafield>
 </record>
</collection>
